عرض عادي
عرض مارك
- العقابي، نضال مهدي
دخول Personal Name
001 - CONTROL NUMBER
- control field: 28917
003 - CONTROL NUMBER IDENTIFIER
- control field: AE-AdECS
005 - DATE AND TIME OF LATEST TRANSACTION
- control field: 20260421153020.0
008 - FIXED-LENGTH DATA ELEMENTS
- fixed length control field: 260421|| aca||aabn | a|a d
040 ## - CATALOGING SOURCE
- Original cataloging agency: AE-AdECS
- Transcribing agency: AE-AdECS
100 ## - HEADING--PERSONAL NAME
- Personal name: العقابي، نضال مهدي
670 ## - SOURCE DATA FOUND
- Source citation: Work cat.: (AE-AdECS)294837: العقابي، نضال مهدي مؤلف., أدب الزهد في الأندلس :
